Category Elimination - Territories #2 - Statistics

General Stats
  • This quiz has been taken 23 times
  • The average score is 13 of 20
Answer Stats
Group # Category % Correct
Green 69 Territories
100%
Green 41 ... north of the equator
100%
Green 28 ... NOT owned by the US
95%
Green 14 ... that are one word
86%
Blue 50 Territories (by Flag)
82%
Blue 29 ... which DON'T contain the original country's flag
77%
Orange 51 Capital Cities of Territories
77%
Green 1 ... and is larger than 75,000 km^2 Greenland
77%
Purple 120 Territories or Capitals of Territories
73%
Purple 63 ... containing the letter o
73%
Purple 47 ... is 15 letters or less
68%
Orange 23 ... that are more than one word
64%
Orange 14 ... NOT owned by the British
64%
Orange 9 ... outside of Antarctica
64%
Blue 6 ... with a cross
50%
Blue 3 ... that is majority white
41%
Purple 6 ... with more than 100,000 people
41%
Blue 1 ... and with the cross off-center Faroe Islands
32%
Purple 1 ... and used to be owned by the UK Hong Kong
18%
Orange 1 ... and has the same number of letters in all words Pago Pago
14%
No matching quizzes found
Score Distribution
Percent of People with Each Score
Percentile by Number Answered
Your Score History
You have not taken this quiz